| 000 | 00951nam a22002415a 4500 | ||
|---|---|---|---|
| 005 | 20151108131213.0 | ||
| 008 | 150624t2012 ii a frbd 001 0 eng d | ||
| 020 | _a9788177227444 | ||
| 040 |
_aEG-ScBUE _beng _cEG-ScBUE _dEG-ScBUE |
||
| 082 | 0 | 4 |
_a621.395 _bPRA _222 |
| 100 | 1 |
_aPrasad, K. V. K. K. _938684 |
|
| 245 | 1 | 0 |
_aVLSI design : _ba comprehensive coverage of VLSI implementation technologies, electronic design automation tools and FPGA design / _cK. V. K. K. Prasad, Kattula Shyamala. |
| 260 |
_aNew Delhi : _bDreamtech Press, _cc.2012. |
||
| 300 |
_axiv, 343 p. ; _bill. ; _c24 cm. |
||
| 500 | _aIndex : p. 341-343. | ||
| 500 | _aGlossary : p. 335-340. | ||
| 504 | _aIncludes bibliographical references. | ||
| 650 | 0 |
_aIntegrated circuits _xVery large scale integration _xDesign and construction. _2BUEsh _934538 |
|
| 651 | _2BUEsh | ||
| 653 |
_bENGGEN _cJune2015 _cNovember2015 |
||
| 700 | 1 | _aShyamala, Kattula. | |
| 942 |
_2ddc _k621.395 PRA |
||
| 999 |
_c19861 _d19833 |
||